बापू की ऐतिहासिक यात्रा / (Record no. 151850)
[ view plain ]
| 000 -LEADER | |
|---|---|
| fixed length control field | 01618nam a22002297a 4500 |
| 005 - DATE AND TIME OF LATEST TRANSACTION | |
| control field | 20180518153150.0 |
| 010 ## - LCCN (DPL NO) | |
| LC control number | राष्ट्रपति-2 B-691620 |
| 020 ## - INTERNATIONAL STANDARD BOOK NUMBER | |
| International Standard Book Number | 8123012322 |
| Terms of availability | 50.00 |
| 035 ## - SYSTEM CONTROL NUMBER | |
| System control number | B-691620 |
| 037 ## - SOURCE OF ACQUISITION | |
| Source of stock number/acquisition | नॉर्थ इंडिया |
| 082 ## - DEWEY DECIMAL CLASSIFICATION NUMBER | |
| Classification number | 301.153 |
| 100 ## - MAIN ENTRY--PERSONAL NAME | |
| Personal name | वियोगी हरि |
| 245 ## - TITLE STATEMENT | |
| Title | बापू की ऐतिहासिक यात्रा / |
| Statement of responsibility, etc | वियोगी हरि |
| 250 ## - EDITION STATEMENT | |
| Edition statement | 2सरा संस्क. |
| 260 ## - PUBLICATION, DISTRIBUTION, ETC. (IMPRINT) | |
| Place of publication, distribution, etc | नई दिल्ली |
| Name of publisher, distributor, etc | प्रकाशन विभाग |
| Date of publication, distribution, etc | 1927 |
| 270 ## - ADDRESS | |
| Address | सूचना और प्रसारण मंत्रालय, भारत सरकार,सी.जी.ओ.कॉम्प्लेक्स,लोधी रोड़ |
| City | नई दिल्ली |
| Postal code | 110003 |
| 270 ## - ADDRESS | |
| Address | सूचना और प्रसारण मंत्रालय, भारत सरकार, पटियाला हाउस |
| City | नई दिल्ली |
| Postal code | 110001 |
| 300 ## - PHYSICAL DESCRIPTION | |
| Extent | 99पृ. |
| Dimensions | 22सेमी(सजिल्द) |
| 500 ## - GENERAL NOTE | |
| General note | राष्ट्र्रपति-2 |
| 942 ## - ADDED ENTRY ELEMENTS (KOHA) | |
| Source of classification or shelving scheme | Dewey Decimal Classification |
| Item type | Hindi Books |
| Classification part | 301.153 |
| Call number suffix | वियोगी |
| Withdrawn status | Lost status | Not for loan | Collection code | Home library | Current library | Date acquired | Source of acquisition | Cost, normal purchase price | Full call number | Barcode | Copy number | Cost, replacement price | Koha item type |
|---|---|---|---|---|---|---|---|---|---|---|---|---|---|
| Non-fiction | Mobile Library | Mobile Library | 18/05/2018 | नॉर्थ इंडिया पब्लिशर एंड डिस्ट्रब्यूटर/NIP112/5.5.2018/445/4.5.2018/9.5.2018 | 50.00 | 301.153 वियोगी | B-691620 | 1 | 50.00 | Hindi Books |
